[Event "58th Rubinstein Memorial"]
[Site "Polanica Zdroj POL"]
[Date "2022.08.18"]
[Round "6"]
[White "Teclaf, Pawel"]
[Black "Mastrovasilis, Dimitrios"]
[WhiteElo "2550"]
[BlackElo "2597"]
[Result "1/2-1/2"]
[EventDate "2022.08.14"]
[PlyCount "60"]
1. e4 e5 2. Nf3 Nc6 3. Nc3 Nf6 4. d4 exd4 5. Nxd4 Bb4 6. Nxc6 bxc6 7. Bd3 d5 8. Bd2 O-O 9. O-O Bxc3 10. Bxc3 dxe4 11. Bxf6 Qxf6 12. Bxe4 Qxb2 13. Bxc6 Rb8 14. Rb1 Qxb1 15. Qxb1 Rxb1 16. Rxb1 Rd8 17. Bf3 Kf8 18. Rb3 Be6 19. Rb7 c5 20. Rc7 Bxa2 21. Rxc5 Be6 22. Ra5 Rd2 23. Rxa7 Rxc2 24. Ra1 g6 25. h4 Kg7 26. g3 h5 27. Re1 Kf6 28. Kg2 Rd2 29. Re3 Bd5 30. Bxd5 Rxd5 1/2-1/2

[Event "58th Rubinstein Memorial"]
[Site "Polanica Zdroj POL"]
[Date "2022.08.19"]
[Round "7"]
[White "Donchenko, Alexander"]
[Black "Bernadskii, Vitalii"]
[WhiteElo "2630"]
[BlackElo "2598"]
[Result "1/2-1/2"]
[EventDate "2022.08.14"]
[PlyCount "71"]
1. d4 Nf6 2. c4 d6 3. Nf3 Nbd7 4. Nc3 g6 5. e4 e5 6. Be2 Bg7 7. O-O O-O 8. Be3 Qe7 9. Qc2 exd4 10. Nxd4 c6 11. Rad1 Nc5 12. f3 a5 13. Rfe1 a4 14. Bf1 Qc7 15. Kh1 Qa5 16. Nde2 Ne8 17. Bd4 Bh6 18. Nc1 Ne6 19. Be3 Bg7 20. Nd3 N8c7 21. Qd2 Re8 22. Ne2 Qxd2 23. Bxd2 b5 24. cxb5 Nxb5 25. Rc1 Ned4 26. Nxd4 Nxd4 27. Bf4 Be6 28. a3 d5 29. Be5 dxe4 30. fxe4 Bb3 31. Bxg7 Kxg7 32. Kg1 Nc2 33. Re2 Nd4 34. Ree1 Nc2 35. Re2 Nd4 36. Ree1 1/2-1/2

[Event "58th Rubinstein Memorial"]
[Site "Polanica Zdroj POL"]
[Date "2022.08.19"]
[Round "7"]
[White "Mastrovasilis, Dimitrios"]
[Black "Kempinski, Robert"]
[WhiteElo "2597"]
[BlackElo "2558"]
[Result "1/2-1/2"]
[EventDate "2022.08.14"]
[PlyCount "69"]
1. e4 c5 2. Nf3 d6 3. d4 cxd4 4. Nxd4 Nf6 5. Nc3 a6 6. Be2 e6 7. Be3 Be7 8. g4 Nfd7 9. Qd2 b5 10. a3 Bb7 11. g5 Nb6 12. O-O-O N8d7 13. f4 Nc5 14. f5 Qc8 15. Rhf1 Nc4 16. Bxc4 bxc4 17. Qf2 Nxe4 18. Nxe4 Bxe4 19. fxe6 O-O 20. exf7+ Kh8 21. Bd2 c3 22. Bxc3 Bxg5+ 23. Kb1 Bf6 24. Qe2 d5 25. Nb5 axb5 26. Rxf6 Rxa3 27. Rf4 Rxc3 28. bxc3 Qxc3 29. Rxe4 dxe4 30. Qxe4 g6 31. Rd3 Qf6 32. Rf3 Qd6 33. Rd3 Qf6 34. Rf3 Qd6 35. Rd3 1/2-1/2

[Event "58th Rubinstein Memorial"]
[Site "Polanica Zdroj POL"]
[Date "2022.08.19"]
[Round "7"]
[White "Nasuta, Grzegorz"]
[Black "Plat, Vojtech"]
[WhiteElo "2500"]
[BlackElo "2556"]
[Result "1-0"]
[EventDate "2022.08.14"]
[PlyCount "109"]
1. e4 d5 2. exd5 Qxd5 3. Nc3 Qd6 4. d4 Nf6 5. Nf3 c6 6. Ne5 Nbd7 7. Bf4 Nxe5 8. Bxe5 Qe6 9. Be2 Nd5 10. O-O f6 11. Bg3 g6 12. Re1 Bg7 13. Nxd5 Qxd5 14. Bf3 Qd8 15. d5 cxd5 16. Bxd5 e5 17. f4 Bg4 18. Qd3 Bf5 19. Qf3 Bg4 20. Qb3 Qb6+ 21. Qxb6 axb6 22. Bxb7 Ra7 23. Bc6+ Ke7 24. fxe5 fxe5 25. Bb5 Rc8 26. c4 Ke6 27. Bf2 Rb8 28. a4 Kf7 29. c5 bxc5 30. Bxc5 Rab7 31. Bd6 Rxb5 32. axb5 Rxb5 33. Ra7+ Ke6 34. Rxg7 Kxd6 35. Rxh7 Rxb2 36. Ra7 Bc8 37. Ra3 Rb5 38. Kf2 Bf5 39. h3 Rc5 40. Re2 Ke7 41. Rb2 Kf6 42. Rb6+ Kg5 43. g4 Be4 44. Kg3 Rc1 45. Re3 Rg1+ 46. Kf2 Rg2+ 47. Kf1 Ba8 48. Rxe5+ Kf4 49. Ra5 Be4 50. Rf6+ Kg3 51. Ra3+ Kh4 52. Re6 Bb7 53. Rxg6 Rb2 54. Rh6+ Kg5 55. Rh5+ 1-0

[Event "58th Rubinstein Memorial"]
[Site "Polanica Zdroj POL"]
[Date "2022.08.19"]
[Round "7"]
[White "Sumets, Andrey"]
[Black "Tazbir, Marcin"]
[WhiteElo "2547"]
[BlackElo "2511"]
[Result "0-1"]
[EventDate "2022.08.14"]
[PlyCount "156"]
1. d4 d5 2. c4 dxc4 3. e3 Nf6 4. Bxc4 e6 5. Nf3 a6 6. O-O c5 7. Bd3 Nbd7 8. Qe2 Be7 9. Rd1 Qc7 10. Nbd2 b6 11. b3 cxd4 12. Nxd4 Nc5 13. Bc2 Bb7 14. Bb2 Rc8 15. Rac1 Qb8 16. Nc4 Ncd7 17. Nf3 b5 18. Nce5 Nxe5 19. Nxe5 Bd6 20. f4 Bc5 21. Kh1 Ke7 22. Qe1 Rhd8 23. Qg3 Kf8 24. Bxh7 Rxd1+ 25. Rxd1 Rd8 26. Bd3 Ne4 27. Qe1 Qd6 28. h3 f6 29. Nf3 g5 30. Bd4 Bb4 31. Qg1 Kf7 32. Bxe4 Bxe4 33. fxg5 e5 34. Qf2 Bc3 35. gxf6 Bxf3 36. Qxf3 exd4 37. exd4 Bxd4 38. Qh5+ Ke6 39. f7 Qf4 40. Qg6+ Ke7 41. Qd3 Kf8 42. Rf1 Qg5 43. Qe4 Be5 44. Qc6 Bd6 45. Qb6 b4 46. Rd1 Kxf7 47. Qxa6 Qg3 48. Qa7+ Kg6 49. Qg1 Bc5 50. Qf1 Rxd1 51. Qxd1 Bd6 52. Kg1 Bc5+ 53. Kh1 Bd6 54. Kg1 Kf6 55. Qd4+ Qe5 56. Qd2 Ke6 57. Kf2 Bc5+ 58. Kf1 Qf5+ 59. Ke1 Ke5 60. Qe2+ Kd5 61. Qc4+ Kd6 62. Ke2 Qf2+ 63. Kd3 Qf1+ 64. Kc2 Qxg2+ 65. Kb1 Qxh3 66. a4 Qf5+ 67. Ka2 Qf2+ 68. Kb1 Qe1+ 69. Kc2 Qf2+ 70. Kb1 Ke5 71. Qb5 Qe1+ 72. Kb2 Qc3+ 73. Ka2 Qc2+ 74. Ka1 Qc1+ 75. Ka2 Qc2+ 76. Ka1 Kd4 77. Qd7+ Kc3 78. Qh3+ Qd3 0-1

[Event "58th Rubinstein Memorial"]
[Site "Polanica Zdroj POL"]
[Date "2022.08.19"]
[Round "7"]
[White "Tomczak, Jacek"]
[Black "Teclaf, Pawel"]
[WhiteElo "2596"]
[BlackElo "2550"]
[Result "1/2-1/2"]
[EventDate "2022.08.14"]
[PlyCount "52"]
1. d4 Nf6 2. c4 e6 3. Nc3 Bb4 4. Nf3 Bxc3+ 5. bxc3 d6 6. Qc2 Qe7 7. Bg5 h6 8. Bh4 b6 9. e3 Bb7 10. Bd3 Nbd7 11. h3 O-O-O 12. O-O-O g5 13. Bg3 Nh5 14. Be4 d5 15. cxd5 Ndf6 16. d6 cxd6 17. Bxb7+ Qxb7 18. Bh2 Ne4 19. d5 exd5 20. Nd4 Kb8 21. Kb2 Rc8 22. Rd3 Qd7 23. Ka1 Nc5 24. Rdd1 Ne4 25. Rd3 Nc5 26. Rdd1 Ne4 1/2-1/2

[Event "58th Rubinstein Memorial"]
[Site "Polanica Zdroj POL"]
[Date "2022.08.20"]
[Round "8"]
[White "Kempinski, Robert"]
[Black "Tomczak, Jacek"]
[WhiteElo "2558"]
[BlackElo "2596"]
[Result "1/2-1/2"]
[EventDate "2022.08.14"]
[PlyCount "75"]
1. d4 Nf6 2. Nf3 g6 3. c4 Bg7 4. Nc3 d5 5. Bg5 Ne4 6. Bf4 Nxc3 7. bxc3 dxc4 8. e3 b5 9. a4 c6 10. Qb1 Bf5 11. e4 Bd7 12. Bxc4 bxc4 13. Qb7 Na6 14. Qxa6 c5 15. Qxc4 cxd4 16. cxd4 Rc8 17. Qb4 a5 18. Qd2 Bc6 19. Qe3 O-O 20. Bh6 f5 21. Bxg7 Kxg7 22. Ng5 Qd6 23. O-O Bxe4 24. Nxe4 fxe4 25. Qxe4 Rc4 26. Rfe1 Rxd4 27. Qxe7+ Qxe7 28. Rxe7+ Rf7 29. Re5 Rf5 30. Rxf5 gxf5 31. Kf1 Kf6 32. Ke2 h5 33. g3 h4 34. h3 Rb4 35. Ra3 Kg6 36. Kf3 Kg5 37. Kg2 Rc4 38. Kf3 1/2-1/2

[Event "58th Rubinstein Memorial"]
[Site "Polanica Zdroj POL"]
[Date "2022.08.20"]
[Round "8"]
[White "Nasuta, Grzegorz"]
[Black "Mastrovasilis, Dimitrios"]
[WhiteElo "2500"]
[BlackElo "2597"]
[Result "0-1"]
[EventDate "2022.08.14"]
[PlyCount "80"]
1. e4 e5 2. Nf3 Nc6 3. Bb5 a6 4. Ba4 Nf6 5. O-O Nxe4 6. d4 b5 7. Bb3 d5 8. dxe5 Be6 9. c3 Bc5 10. Nbd2 O-O 11. Bc2 Bf5 12. Nb3 Bg6 13. Nfd4 Bxd4 14. Nxd4 Nxd4 15. cxd4 c5 16. f3 cxd4 17. fxe4 Qb6 18. Kh1 dxe4 19. Re1 e3 20. Bxg6 hxg6 21. b3 Rad8 22. Qf3 f6 23. Bxe3 fxe5 24. Qg3 dxe3 25. Rxe3 Qf6 26. Rf3 Qd6 27. Re3 Rf5 28. h3 Qf6 29. Rae1 Rg5 30. Qh2 Re8 31. g4 e4 32. Rxe4 Rxe4 33. Rxe4 Rc5 34. Re1 Rc3 35. Qg2 Rf3 36. Kg1 Qd4+ 37. Kh1 Qc3 38. Kh2 Qc7+ 39. Kh1 Qf4 40. Rg1 Qe3 0-1

[Event "58th Rubinstein Memorial"]
[Site "Polanica Zdroj POL"]
[Date "2022.08.20"]
[Round "8"]
[White "Plat, Vojtech"]
[Black "Bernadskii, Vitalii"]
[WhiteElo "2556"]
[BlackElo "2598"]
[Result "1/2-1/2"]
[EventDate "2022.08.14"]
[PlyCount "61"]
1. e4 e5 2. Nf3 Nc6 3. Bb5 a6 4. Ba4 Nf6 5. O-O Be7 6. Re1 b5 7. Bb3 d6 8. c3 O-O 9. h3 Bb7 10. d4 Re8 11. Ng5 Rf8 12. Nf3 h6 13. a4 Re8 14. axb5 axb5 15. Rxa8 Qxa8 16. Na3 exd4 17. Nxb5 Bd8 18. Nfxd4 Nxd4 19. Nxd4 Rxe4 20. Rxe4 Bxe4 21. f3 Bg6 22. Bc2 Bxc2 23. Qxc2 Nd7 24. Be3 Bf6 25. Ne2 Nf8 26. Bd4 Bxd4+ 27. Nxd4 Ne6 28. Nxe6 fxe6 29. b4 Kf7 30. Qd3 Qa1+ 31. Kf2 1/2-1/2

[Event "58th Rubinstein Memorial"]
[Site "Polanica Zdroj POL"]
[Date "2022.08.20"]
[Round "8"]
[White "Tazbir, Marcin"]
[Black "Donchenko, Alexander"]
[WhiteElo "2511"]
[BlackElo "2630"]
[Result "0-1"]
[EventDate "2022.08.14"]
[PlyCount "72"]
1. c4 e6 2. g3 d5 3. Bg2 d4 4. Nf3 c5 5. b4 cxb4 6. a3 Nc6 7. O-O a5 8. d3 Nf6 9. axb4 Bxb4 10. Na3 e5 11. Nc2 Be7 12. Ba3 O-O 13. e3 dxe3 14. Nxe3 Bxa3 15. Rxa3 Qd6 16. Qa1 Ng4 17. Nd5 Be6 18. Ng5 Bxd5 19. Bxd5 Nf6 20. Ne4 Nxe4 21. dxe4 b6 22. Rd1 Qc5 23. Rb3 Nd4 24. Rxd4 Qxd4 25. Qxd4 exd4 26. Bxa8 Rxa8 27. Rxb6 a4 28. Kf1 a3 29. Rb1 a2 30. Ra1 Kf8 31. Ke2 Ra3 32. f4 Ke7 33. Kd2 Kd6 34. Kc2 Kc5 35. Kb2 Re3 36. Rxa2 Re2+ 0-1

[Event "58th Rubinstein Memorial"]
[Site "Polanica Zdroj POL"]
[Date "2022.08.20"]
[Round "8"]
[White "Teclaf, Pawel"]
[Black "Sumets, Andrey"]
[WhiteElo "2550"]
[BlackElo "2547"]
[Result "1/2-1/2"]
[EventDate "2022.08.14"]
[PlyCount "65"]
1. e4 e6 2. d4 d5 3. Nd2 c5 4. Ngf3 cxd4 5. Nxd4 Nc6 6. Bb5 Bd7 7. Nxc6 bxc6 8. Bd3 Bd6 9. Qe2 e5 10. exd5 cxd5 11. c4 Ne7 12. cxd5 Nxd5 13. Be4 Nf4 14. Qa6 Bc5 15. O-O Rb8 16. Nb3 Bb6 17. Bxf4 exf4 18. Rad1 O-O 19. Bxh7+ Kxh7 20. Qd3+ Kg8 21. Qxd7 Qf6 22. Qd6 Qh4 23. Qd3 Rfd8 24. Qf3 Qf6 25. Qc3 Qe6 26. Rxd8+ Rxd8 27. Re1 Qd7 28. Qf3 Qa4 29. a3 Qb5 30. Rd1 Re8 31. h3 a5 32. Kh2 a4 33. Nd2 1/2-1/2

[Event "58th Rubinstein Memorial"]
[Site "Polanica Zdroj POL"]
[Date "2022.08.21"]
[Round "9"]
[White "Bernadskii, Vitalii"]
[Black "Tazbir, Marcin"]
[WhiteElo "2598"]
[BlackElo "2511"]
[Result "1/2-1/2"]
[EventDate "2022.08.14"]
[PlyCount "60"]
1. e4 e6 2. d4 d5 3. e5 c5 4. c3 Nc6 5. Nf3 Qb6 6. Be2 cxd4 7. cxd4 Nge7 8. Na3 Nf5 9. Nc2 Be7 10. O-O Bd7 11. Bd3 h6 12. b4 a5 13. b5 Ncxd4 14. Nfxd4 Nxd4 15. Qg4 Nxc2 16. Qxg7 O-O-O 17. Bxc2 Bxb5 18. Rb1 Qc6 19. Rxb5 Qxb5 20. Qxf7 Qd7 21. Ba4 Qxa4 22. Qxe7 Rhe8 23. Qc5+ Kb8 24. Bxh6 d4 25. Rb1 Qxa2 26. Rxb7+ Kxb7 27. Qb5+ Kc7 28. Qc5+ Kb7 29. Qb5+ Kc7 30. Qc5+ Kb7 1/2-1/2

[Event "58th Rubinstein Memorial"]
[Site "Polanica Zdroj POL"]
[Date "2022.08.21"]
[Round "9"]
[White "Donchenko, Alexander"]
[Black "Teclaf, Pawel"]
[WhiteElo "2630"]
[BlackElo "2550"]
[Result "1-0"]
[EventDate "2022.08.14"]
[PlyCount "159"]
1. c4 c6 2. d4 d5 3. Nf3 Nf6 4. e3 Bf5 5. Nc3 e6 6. Nh4 Be4 7. f3 Bg6 8. Bd2 dxc4 9. Bxc4 b5 10. Be2 a6 11. g3 c5 12. dxc5 Bxc5 13. Nxg6 hxg6 14. Qc2 Nbd7 15. a4 O-O 16. axb5 axb5 17. Kf2 Rc8 18. Bxb5 Nd5 19. Bxd7 Qxd7 20. Qd3 Rfd8 21. Nxd5 Qb7 22. Bc3 Rxd5 23. Qa6 Qxa6 24. Rxa6 Bb4 25. Bxb4 Rc2+ 26. Kf1 Rxb2 27. Be1 Rd3 28. Ra1 Rxe3 29. f4 e5 30. fxe5 Rxe5 31. h4 Ree2 32. Rh3 f6 33. Ra3 Re5 34. Bf2 g5 35. hxg5 Rxg5 36. Rf3 Rbb5 37. Rc3 Rh5 38. Rxh5 Rxh5 39. Rc5 Rh1+ 40. Kg2 Rb1 41. Kf3 Kf7 42. Rc7+ Kg6 43. Bc5 Rb8 44. Ke4 Re8+ 45. Re7 Rd8 46. Bb4 Rd1 47. Ra7 Rd8 48. Be7 Rh8 49. Bd6 Rd8 50. Kd5 Re8 51. Rb7 Re1 52. Kc6 Re8 53. Kd7 Re4 54. Kd8 Kh7 55. Bf4 Kg6 56. Re7 Ra4 57. Bb8 Rc4 58. Bd6 Kh7 59. Ke8 Kg8 60. Re3 Ra4 61. Ke7 Ra7+ 62. Ke6 Ra4 63. Re1 Ra7 64. Rh1 Ra4 65. Rb1 Ra7 66. Rb4 Ra6 67. Rc4 Ra7 68. Kf5 Ra5+ 69. Rc5 Ra4 70. Rb5 Kh7 71. Rb4 Ra5+ 72. Ke6 Ra7 73. Be7 Kg6 74. Rg4+ Kh6 75. Kf7 g5 76. Kxf6 Ra6+ 77. Kf7 Ra7 78. Re4 Kh5 79. Re5 Kh6 80. g4 1-0

[Event "58th Rubinstein Memorial"]
[Site "Polanica Zdroj POL"]
[Date "2022.08.21"]
[Round "9"]
[White "Tomczak, Jacek"]
[Black "Nasuta, Grzegorz"]
[WhiteElo "2596"]
[BlackElo "2500"]
[Result "0-1"]
[EventDate "2022.08.14"]
[PlyCount "88"]
1. e4 e5 2. Nf3 Nc6 3. Bb5 Nf6 4. O-O Nxe4 5. d4 Nd6 6. dxe5 Nxb5 7. a4 Nbd4 8. Nxd4 Nxd4 9. Qxd4 d5 10. Qd3 c6 11. a5 Be6 12. Nc3 Qc8 13. Ne2 Bf5 14. Qb3 Bc5 15. Qc3 Be7 16. Nd4 Bg6 17. b4 O-O 18. Ba3 f6 19. e6 Bd6 20. Rae1 Qc7 21. Qh3 Rfe8 22. Kh1 b6 23. a6 Be5 24. Nf5 Qc8 25. f4 Bxf5 26. Qxf5 Bc3 27. b5 Bxe1 28. Rxe1 cxb5 29. Bb2 Qc5 30. e7 Qd6 31. Re6 Qb4 32. Qxd5 Qc4 33. Qxc4 bxc4 34. Ba3 Rac8 35. c3 Rc7 36. Kg1 Kf7 37. f5 Rec8 38. Kf2 Rd7 39. Bb4 Rd5 40. g4 g6 41. Rd6 Rxd6 42. Bxd6 gxf5 43. gxf5 b5 44. Ke3 Rc6 0-1